000 00500nam a2200181Ia 4500
005 20250923144626.0
008 008 250917s9999 xx 000 0 eng d
037 _aTextual
040 _aDSWL
_beng
_cDSWL
041 _aeng
_2eng
084 _qDSWL
245 0 _aIndian Jouranl of Social work
_cby Tata Institute of Social Science
260 _aBombay
_bTata Institute of Social Science
_c1958
300 _a308p.
490 _vVol.18 1957-58
942 _cTEXL
999 _c1441312
_d1441312